| 000 | 00491nam a2200157Ia 4500 | ||
|---|---|---|---|
| 008 | 170221s9999 xx 000 0 und d | ||
| 100 | _aTyne Stanley | ||
| 245 | _aAppearance-focused Internet Use and the Thin-beauty Ideal | ||
| 245 | _cTyne Stanley, James Barnes, Emma Short | ||
| 260 | _bStudies in Media and Communication | ||
| 260 | _c2015 | ||
| 300 | _a3 : 2 | ||
| 650 | _xCommunication | ||
| 650 | _xMedia Arts | ||
| 856 | _uhttp://redfame.com/journal/index.php/smc/issue/view/42 | ||
| 999 |
_c306970 _d306970 |
||